000
00333nam a22001457a 4500
003
SGT
082
_a
617.69
_b
S91P
100
_a
Phillips, Ralph W>
245
_a
Skinner's Science of Dental Materials
250
_a
9th Ed.
260
_b
Prism
_c
199
300
_a
597
650
_a
Dental Materials; Dentistry
942
_2
ddc
_c
RARE
999
_c
33153
_d
33153